000 01176cab a22002055a 4500
001 L137056
008 070312e2007 xxk 000 0 eng d
035 _a(Sirsi) u137056
041 _aeng
100 1 _aWinter, Jeremy
245 _aFast, well regarded and simple
_bthe changed Construction Court
260 _c2007
490 0 _aConstruction News
_v(7008) 8 March 2007, 29(1)
520 _aLooks at how the Technology and Construction Court (TCC) has changed since the introduction of the Housing Grants, Construction and Regeneration Act 1996 and statutory adjudication. Most importantly, the number of cases has dropped and the TCC is no longer overcrowded and slow. In addition, the processes of the TCC have been made more accessible through the Internet, the TCC's pre-action protocol, and its guide on conducting a TCC case. Concludes that the TCC could now be considered as the first line of recourse in a dispute.
590 _aKA
650 2 4 _aHOUSING GRANTS, CONSTRUCTION AND REGENERATION ACT 1996
651 4 _aEngland and Wales
_y1543-
690 _aMANAGEMENT-DISPUTE AVOIDANCE, MANAGEMENT AND RESOLUTION-DISPUTE MANAGEMENT AND RESOLUTION
942 _n0
999 _c78531
_d78531